000
00291nam a22001337a 4500
008
170228b xxu||||| |||| 00| 0 eng d
020
_a
9780077525880
041
_a
eng
080
_2
5TH
_a
618.2
100
_a
2
101
_a
INF
245
_a
MEDICAL ASSISTING
_c
BOOTH, K.A
942
_2
udc
_c
BK
999
_c
6381
_d
6381